Most Downloaded Android Games - Statistics

General Stats
  • This quiz has been taken 44 times
  • The average score is 5 of 20
Answer Stats
Hint Answer % Correct
1 billion Subway Surfers
70%
500 million Candy Crush Saga
57%
500 million Clash of Clans
57%
300 million Angry Birds
51%
1 billion PUBG Mobile
46%
1 billion Garena Free Fire
35%
1 billion Pokemon Go
30%
485 million Among Us
27%
500 million Fruit Ninja
27%
300 million Call of Duty Mobile
16%
324 million Gardenscapes
14%
312 million Homescapes
14%
300 million Super Mario Run
14%
350 million Sonic Dash
11%
230 million Angry Birds 2
8%
274 million Township
8%
300 million DB Z: Dokkan Battle
5%
334 million Helix Jump
5%
250 million Knives Out
5%
400 million Mini World
5%
No matching quizzes found
Score Distribution
Percent of People with Each Score
Percentile by Number Answered
Your Score History
You have not taken this quiz